Informačná bezpečnosť a budovanie bezpečnostnej politiky v podnikoch
Pojem informačná spoločnosť a informačná bezpečnosť. Model informačnej bezpečnosti. Bezpečnosrtná politika v podnikoch.
Gespeichert in:
| 1. Verfasser: | |
|---|---|
| Weitere Verfasser: | , |
| Format: | Buchkapitel |
| Sprache: | Slowakisch |
| Schlagworte: | |
| Tags: |
Keine Tags, Fügen Sie das erste Tag hinzu!
|
MARC
| LEADER | 00000naa a2200000 4500 | ||
|---|---|---|---|
| 001 | 0178607 | ||
| 005 | 20231013085235.4 | ||
| 041 | 0 | |a slo | |
| 044 | |a SK | ||
| 245 | 1 | 0 | |a Informačná bezpečnosť a budovanie bezpečnostnej politiky v podnikoch |c Klára Hennyeyová, Katarína Hamášová, Roderik Virágh |
| 520 | |a Pojem informačná spoločnosť a informačná bezpečnosť. Model informačnej bezpečnosti. Bezpečnosrtná politika v podnikoch. | ||
| 610 | 2 | 0 | |a politika bezpečnostná |
| 610 | 2 | 0 | |a bezpečnosť informačná |
| 610 | 2 | 0 | |a podnik |
| 610 | 2 | 0 | |a ochrana informácií |
| 610 | 2 | 0 | |a spoločnosť informačná |
| 100 | 1 | |a Hennyeyová, Klára | |
| 700 | 1 | |a Hamášová, Katarína | |
| 700 | 1 | |a Virágh, Roderik | |